00325nam a2200133Ia 4500008004100000041000800041082001700049100002200066245001500088260003800103300001200141650001900153650001900172210719s1994 xx 000 0 und d aeng a891.461 DAST aDASILVA (Villiam) aThallavinh aManglurbPragati Prakashanc1994 a107bPB aKonkani Poetry aKonkani Poetry